| 000 | 00872cab a2200253 4500 | ||
|---|---|---|---|
| 001 | ABS49011 | ||
| 008 | 090401t1993 xxu||||| |||| 00| 0 eng d | ||
| 035 | _a(Sirsi) u69474 | ||
| 041 | _aeng | ||
| 100 | _aCampbell, T. | ||
| 245 | _aIntelligent buildings are not always `smart` | ||
| 260 | _c1993 | ||
| 350 | _a0 | ||
| 490 |
_aBuilding Engineer _v68(6) July 1993, 18-19(2) |
||
| 520 | _aQuestions the progress of office design towards `smart` building over the past 20 years, drawing on research from the Glasgow Caledonian University into buildings` effects on the comfort, and thus productivity, of employees. | ||
| 650 | _aDESIGN | ||
| 650 | _aENERGY MANAGEMENT SYSTEMS | ||
| 650 | _aINTELLIGENT BUILDINGS | ||
| 650 | _aOFFICE BUILDINGS | ||
| 690 | _aOFFICE SERVICES AND ADMINISTRATION | ||
| 700 | _aCampbell, R. | ||
| 942 | _n0 | ||
| 948 | _c04/03/1997 | ||
| 999 |
_c43636 _d43636 |
||